Miejscowości w gminie Lewin Brzeski - Statystyki

Ogólne statystyki
  • Ten quiz został rozwiązany 31 razy
    30 od ostatniego zresetowania
  • Średni wynik to 9 z 19
Statystyki odpowiedzi
Miejscowość % Poprawnych
Skorogoszcz
100%
Lewin Brzeski
95%
Łosiów
81%
Przecza
67%
Buszyce
43%
Nowa Wieś Mała
43%
Ptakowice
43%
Borkowice
38%
Chróścina
38%
Kantorowice
38%
Oldrzyszowice
38%
Sarny Małe
38%
Stroszowice
38%
Golczowice
29%
Mikolin
29%
Różyna
29%
Strzelniki
29%
Wronów
29%
Jasiona
24%
Nie znaleziono quizów pasujących do podanych kryteriów
Rozkład punktacji
Procent ludzi z każdym wynikiem
Percentyl według liczby udzielonych odpowiedzi
Twoja historia wyników
Nie rozwiązałeś tego quizu od ostatniego zresetowania